Teoria della letteratura e metodologia dello studio letterario (Record n. 65973)

Dettagli MARC
000 -LEADER
fixed length control field 01603nam a2200349Ia 4500
001 - CONTROL NUMBER
control field 16221
003 - CONTROL NUMBER IDENTIFIER
control field IT-RoPAU
008 - FIXED-LENGTH DATA ELEMENTS--GENERAL INFORMATION
fixed length control field 130308s9999 xx 000 0 und d
040 ## - CATALOGING SOURCE
Original cataloging agency IT-RoPAU
040 ## - CATALOGING SOURCE
Transcribing agency IT-RoPAU
041 ## - LANGUAGE CODE
Language code of text/sound track or separate title ITALIANO
999 ## - SYSTEM CONTROL NUMBERS (KOHA)
Koha Dewey Subclass [OBSOLETE] SI
100 ## - MAIN ENTRY--PERSONAL NAME
Personal name Wellek René
100 ## - MAIN ENTRY--PERSONAL NAME
Miscellaneous information Codice Aut. SPICS: 503
240 ## - UNIFORM TITLE
Uniform title THEORY OF LITERATURE
240 ## - UNIFORM TITLE
Miscellaneous information Codice Tit. Orig. Spics: T0901
245 ## - TITLE STATEMENT
Title Teoria della letteratura e metodologia dello studio letterario
245 ## - TITLE STATEMENT
Remainder of title Teoria della letteratura e Metodologia Dello Studio Letterario
250 ## - EDITION STATEMENT
Edition statement 1a ed.
260 ## - PUBLICATION, DISTRIBUTION, ETC. (IMPRINT)
Place of publication, distribution, etc. BOLOGNA
260 ## - PUBLICATION, DISTRIBUTION, ETC. (IMPRINT)
Name of publisher, distributor, etc. Il Mulino
260 ## - PUBLICATION, DISTRIBUTION, ETC. (IMPRINT)
Date of publication, distribution, etc. 1956 [1° Ed.:1956 - Ed.Ling.Originale:1942]
300 ## - PHYSICAL DESCRIPTION
Extent "474 p. (prefazione: 16; testo: 458)"
500 ## - GENERAL NOTE
General note Problemi di una Teoria Letteraria Essenza della Letteratura Funzione della Letteratura Teoria Critica e Storia Letteraria Letteratura Generale comparata e Nazionale Ordinamento e costituzione dei Testi Metodi Estrinseci Nello Studio della Letteratura Letteratura e Biografia Letteratura e Psicologialetteratura e Società Letteratura e Idee Letteratura e le Altre Arti Studio Intrinseco della Letteratura Analisi dell'Opera d'arte Letteraria Eufonia ritmo Metro Stile e stilistica immagine Metafora Simbolo Mito Natura e Modi della Narrativa Generi Letterari Valutazione Storia Letteraria Situazione Accademica insegnamento della Letteratura
650 ## - SUBJECT ADDED ENTRY--TOPICAL TERM
Topical term or geographic name as entry element SAGGI DI LINGUISTICA
650 ## - SUBJECT ADDED ENTRY--TOPICAL TERM
Relator term Codice materia Spics: 3207
700 ## - ADDED ENTRY--PERSONAL NAME
Personal name Warren Austin
700 ## - ADDED ENTRY--PERSONAL NAME
Miscellaneous information Codice Aut. SPICS: 540
942 ## - ADDED ENTRY ELEMENTS (KOHA)
Koha item type LIBRO
957 ## -
-- 1
999 ## - SYSTEM CONTROL NUMBERS (KOHA)
-- 1
Dati di copia
Withdrawn status Lost status Damaged status Not for loan Home library Current library Date acquired Total Checkouts Full call number Date last seen Price effective from Koha item type Public note
    Buone Condizioni Not For Loan SPICS-MEDIATECA SPICS-MEDIATECA 08/03/2013   16221 08/03/2013 08/03/2013 LIBRO Progressivo inserimento: 4645 / N. Volumi: 1 Copie: 1 Copia Rara: SI / data import: 1 marzo 2013 - By Epidotti, Trombetti, Vaglietti.
CREDITS: SOCIETA' SAN PAOLO Via A.Severo, 58 - ROMA (RM) & PERIODICI SAN PAOLO SRL Via Giotto, 36 MILANO & CISF Via Giotto, 36 MILANO & EDIZIONI SAN PAOLO SRL,  Piazza Soncino, 5 CINISELLO BALSAMO (MI) -- ITALY